Detalles MARC
| 000 -LIDER |
| fixed length control field |
00951nam a2200289 4500 |
| 001 - NÚMERO DE CONTROL |
| Identificador de número de control |
191828 |
| 003 - IDENTIFICACDOR DE NÚMERO DE CONTROL |
| control field |
DO-SdBNP |
| 005 - DATE AND TIME OF LATEST TRANSACTION |
| control field |
20241014122627.0 |
| 007 - CAMPOS FIJOS DE DESCRIPCIÓN FÍSICA |
| fixed length control field |
191828 |
| 008 - ELEMENTOS DE LONGITUD FIJA |
| fixed length control field |
870818s1986 sp a spa |
| 020 ## - ISBN |
| International Standard Book Number |
8476347510 |
| 040 ## - FUENTE DE CATALOGACIÓN |
| Agencia que crea de manera original el registro |
BPMSU |
| Idioma de catalogación |
spa |
| Agencia que realiza la transcripción |
BPMSU |
| 082 #4 - NÚMERO DE CLASIFICACIÓN DECIMAL DE DEWEY |
| Classification number |
843.8 |
| Item number |
V531J 1986 |
| Edition number |
22 |
| 100 1# - ASIENTO PRINCIPAL -- NOMBRE PERSONAL |
| Nombre personal |
Verne, Julio, |
| Fechas asociadas con el nombre |
1828-1905 |
| 245 10 - MENCIÓN DE TITULO |
| Título |
Julio Verne : |
| Subtítulo |
Los hijos del capitán Grant en América del Sur / |
| Mención de responsabilidad |
Julio Verne ; traducción, D.A. Ribot y Fontseré |
| 260 ## - PUBLICACIÓN, DISTRIBUCIÓN, ETC. (PIE DE IMPRENTA) |
| Lugar de publicación, distribución, etc |
Barcelona : |
| Nombre del editor, distribuidor, etc. |
Ediciones Orbis |
| Fecha de publicación, distribución, etc |
1986 |
| 300 ## - DESCRIPCIÓN FÍSICA |
| Extensión |
255 p. : |
| Otros detalles físicos |
il. ; |
| Dimensiones |
21 cm. |
| 490 0# - MENCIÓN DE SERIES |
| Mención de serie |
Julio Verne |
| Volume/sequential designation |
3 |
| 500 ## - NOTA GENERAL |
| Nota general |
|
| 534 ## - NOTA SOBRE LA VERSIÓN ORIGINAL |
| Frase introductoria |
Título original : |
| Mención del título original |
Les enfants du capitaine Grant, a l Amerique du Sud |
| 590 ## - NOTA LOCAL |
| Texto de la nota local |
Inventariado 2024/VM |
| 650 #4 - ENCABEZAMIENTO DE MATERIA--TEMÁTICO |
| Término temático o nombre geográfico como elemento de entrada |
Novela juvenil francesa |
| 650 #4 - ENCABEZAMIENTO DE MATERIA--TEMÁTICO |
| Término temático o nombre geográfico como elemento de entrada |
Literatura juvenil francesa |
| 700 1# - ASIENTO SECUNDARIO -- NOMBRE PERSONAL |
| Nombre personal |
Ribot y Fontseré, D. A. |
| Término de relación |
traductor |
| 910 ## - VALIDACIÓN |
| Validación |
VMateo V. /Validado. Control de calidad MFF |
| 942 ## - ADDED ENTRY ELEMENTS (KOHA) |
| Source of classification or shelving scheme |
Dewey Decimal Classification |
| Koha item type |
Libros |